La ironía plástica en Goya /

Bewaard in:
Bibliografische gegevens
Hoofdauteur: Zuno Hernández, José Guadalupe (autor)
Formaat: Boek
Taal:Spaans
Reeks:(Biblioteca de Autores Jaliscienses Modernos)
(La Historia de la Ironía Plástica)
Onderwerpen:
Tags: Voeg label toe
Geen labels, Wees de eerste die dit record labelt!

MARC

LEADER 00000nam^a2200000^a^4500
001 000124881
005 20250521000000.0
009 20260310094629.008
037 |a Acervo ITESO - Biblioteca 
041 |a ESP 
082 |a 759. 6  |b ZUN 
100 |a Zuno Hernández, José Guadalupe  |e (autor) 
245 1 3 |a La ironía plástica en Goya /  |c J.G. Zuno Hernández. 
264 |a Guadalajara, México :  |b editorial no identificada,  |c 1958 
300 |a 1 v. (varias paginaciones) 
336 |a texto  |b txt  |2 rdacontenido 
337 |a sin mediación  |b n  |2 rdamedio 
338 |a volumen  |b nc  |2 rdasoporte 
440 1 |a (Biblioteca de Autores Jaliscienses Modernos) 
440 4 |a (La Historia de la Ironía Plástica) 
545 0 |a Francisco de Goya (1746-1828), creador de una obra fuertemente anclada en el espíritu de la Ilustración y, a la vez, calificado como el primer pintor moderno. Su estética expresa la transición pictórica del siglo XVIII al XIX. Es autor de una obra que combina una gran calidad e innovación estética, con un fuerte sentido crítico de su época, al punto que algunas de sus series (Los desastres de la guerra y Los levantamientos del 2 de mayo), pueden ser considerados como verdaderos testimonios del momento. Le pertenecen títulos tan emblemáticos del arte universal como La maja desnuda y La maja vestida, El quitasol, Los zancos, La familia de Carlos IV, las Pinturas negras, El guitarrista ciego y La lechera de Burdeos, por citar unos pocos. 
649 |a XX 
650 |a Pintores Españoles 
650 |a Artistas Españoles 
650 |a Pintura Neoclásica -  |x Historia y Crítica 
650 |a Pintura Moderna -  |x Historia y Crítica 
650 |a Pintura Española -  |x Historia y Crítica 
650 |a Arte Neoclásico -  |x Historia y Crítica 
650 |a Arte Moderno -  |x Historia y Crítica 
650 |a Arte Español -  |x Historia y Crítica 
650 |a Goya, Francisco de -  |x Tema Principal 
910 |a Fondo Salvador Reynoso Reynoso 
920 |a Impresos - Libros 
930 |a Fondos Especiales 
905 |a 112 
901 |a 0800007786  |b IT2  |c ESP  |u 20250521 
902 |a https://opac.biblio.iteso.mx/vufind/Record/000124881